000 00929nam a2200277Ia 4500
003 OSt
005 20220918165906.0
006 a|||||r|||| 00| 0
007 ta
008 220917b |||||||| |||| 00| 0 eng d
020 _a8178242044 (pbk)
_c250
024 _a232,430
037 _b84642, 17/10/2007, International Book Distributors
_cTextual
040 _aARTS
_cARTS
_beng
041 _2eng
_aeng
082 _aV2:51y7M97x, P2
100 _aBose Subhas Chandra
_925966
245 0 _aAzad Hind
_b writings and speeches 1941-1943
260 _aNew Delhi
_bPermanents black India
_c2002
300 _axi, 204p.
_ccm.
650 _aHISTORY
700 _a Bose Sisir K. Ed.
_925967
700 _a Bose Sugata Ed.
_925968
942 _hV2:51y7M97x, P2
_cTEXL
_2CC
999 _c131579
_d131579